Much ado about nothing (Record no. 9180)
[ view plain ]
| 000 -LEADER | |
|---|---|
| fixed length control field | 01415cam a2200397 a 4500 |
| 001 - CONTROL NUMBER | |
| control field | 4026398 |
| 003 - CONTROL NUMBER IDENTIFIER | |
| control field | PILC |
| 005 - DATE AND TIME OF LATEST TRANSACTION | |
| control field | 20160119104025.0 |
| 008 - FIXED-LENGTH DATA ELEMENTS--GENERAL INFORMATION | |
| fixed length control field | 950501s1995 nyua b 000 1 eng d |
| 010 ## - LIBRARY OF CONGRESS CONTROL NUMBER | |
| LC control number | 97184240 |
| 020 ## - INTERNATIONAL STANDARD BOOK NUMBER | |
| International Standard Book Number | 0671722808 : |
| Terms of availability | $3.99 ($4.99 Can.) |
| 035 ## - SYSTEM CONTROL NUMBER | |
| System control number | (OCoLC)32401046 |
| 040 ## - CATALOGING SOURCE | |
| Original cataloging agency | IHS |
| Transcribing agency | IHS |
| Modifying agency | O |
| -- | DLC |
| 042 ## - AUTHENTICATION CODE | |
| Authentication code | lccopycat |
| 050 00 - LIBRARY OF CONGRESS CALL NUMBER | |
| Classification number | PR 2828.A2 |
| Item number | .Sh527 1995 |
| 082 00 - DEWEY DECIMAL CLASSIFICATION NUMBER | |
| Classification number | HS 822.33Q1 |
| Item number | Sh1 1995 |
| 100 1# - MAIN ENTRY--PERSONAL NAME | |
| Personal name | Shakespeare, William |
| Dates associated with a name | 1564-1616. |
| 9 (RLIN) | 12693 |
| 245 10 - TITLE STATEMENT | |
| Title | Much ado about nothing |
| Statement of responsibility, etc | William Shakespeare |
| 250 ## - EDITION STATEMENT | |
| Edition statement | Washington Square Press new Folger's ed. |
| 260 ## - PUBLICATION, DISTRIBUTION, ETC. (IMPRINT) | |
| Place of publication, distribution, etc | New York : |
| Name of publisher, distributor, etc | Washington Square Press, |
| Date of publication, distribution, etc | c1995. |
| 300 ## - PHYSICAL DESCRIPTION | |
| Extent | 246 p. : |
| Other physical details | ill. ; |
| Dimensions | 18 cm. |
| 440 #4 - SERIES STATEMENT/ADDED ENTRY--TITLE | |
| Title | The New Folger Library Shakespeare |
| 9 (RLIN) | 11134 |
| 500 ## - GENERAL NOTE | |
| General note | Includes bibliographic references (p. 231-243). |
| 600 10 - SUBJECT ADDED ENTRY--PERSONAL NAME | |
| Personal name | Shakespeare, William, |
| Dates associated with a name | 1564-1616. |
| Title of a work | Much ado about nothing. |
| 9 (RLIN) | 12694 |
| 650 #0 - SUBJECT ADDED ENTRY--TOPICAL TERM | |
| Topical term or geographic name as entry element | Rejection (Psychology) |
| Form subdivision | Drama. |
| 9 (RLIN) | 12695 |
| 650 #0 - SUBJECT ADDED ENTRY--TOPICAL TERM | |
| Topical term or geographic name as entry element | Conspiracies |
| Form subdivision | Drama. |
| 9 (RLIN) | 12696 |
| 650 #0 - SUBJECT ADDED ENTRY--TOPICAL TERM | |
| Topical term or geographic name as entry element | Courtship |
| Form subdivision | Drama. |
| 9 (RLIN) | 12697 |
| 651 #0 - SUBJECT ADDED ENTRY--GEOGRAPHIC NAME | |
| Geographic name | Messina (Italy) |
| Form subdivision | Drama. |
| 9 (RLIN) | 12698 |
| 655 #7 - INDEX TERM--GENRE/FORM | |
| Genre/form data or focus term | Comedies. |
| Source of term | gsafd |
| 9 (RLIN) | 7774 |
| 700 1# - ADDED ENTRY--PERSONAL NAME | |
| Personal name | Mowat, Barbara A. |
| 9 (RLIN) | 8923 |
| 700 1# - ADDED ENTRY--PERSONAL NAME | |
| Personal name | Werstine, Paul. |
| 9 (RLIN) | 8924 |
| 906 ## - LOCAL DATA ELEMENT F, LDF (RLIN) | |
| a | 7 |
| b | cbc |
| c | copycat |
| d | 3 |
| e | ncip |
| f | 19 |
| g | y-gencatlg |
| 942 ## - ADDED ENTRY ELEMENTS (KOHA) | |
| Source of classification or shelving scheme | Library of Congress Classification |
| Koha item type | Books |
| Withdrawn status | Lost status | Source of classification or shelving scheme | Damaged status | Home library | Current library | Shelving location | Date acquired | Total Checkouts | Full call number | Barcode | Date last seen | Date checked out | Copy number | Price effective from | Koha item type |
|---|---|---|---|---|---|---|---|---|---|---|---|---|---|---|---|
| Library of Congress Classification | Luxembourg Library | Luxembourg Library | High School Section | 08/23/2013 | 1 | PR 2828.A2 .Sh527 1995 | 7704 | 09/26/2024 | 09/18/2024 | 1 | 08/23/2013 | Books |